LEADER 03988nam 22006972 450 001 9910789316303321 005 20151005020622.0 010 $a1-107-23333-X 010 $a1-139-02397-7 010 $a1-107-34864-1 010 $a1-107-34745-9 010 $a1-107-34370-4 010 $a1-107-34495-6 010 $a1-299-74942-9 010 $a1-107-34120-5 035 $a(CKB)3460000000128979 035 $a(EBL)1139643 035 $a(OCoLC)852158304 035 $a(SSID)ssj0000834745 035 $a(PQKBManifestationID)11442686 035 $a(PQKBTitleCode)TC0000834745 035 $a(PQKBWorkID)10989715 035 $a(PQKB)10534021 035 $a(UkCbUP)CR9781139023979 035 $a(Au-PeEL)EBL1139643 035 $a(CaPaEBR)ebr10729891 035 $a(CaONFJC)MIL506193 035 $a(MiAaPQ)EBC1139643 035 $a(PPN)261333275 035 $a(EXLCZ)993460000000128979 100 $a20110217d2013|||| uy| 0 101 0 $aeng 135 $aur||||||||||| 181 $ctxt$2rdacontent 182 $cc$2rdamedia 183 $acr$2rdacarrier 200 10$aNonequilibrium many-body theory of quantum systems $ea modern introduction /$fGianluca Stefanucci, University of Rome Tor Vergata, Italy, Robert van Leeuwen, University of Jyva?skyla?, Finland$b[electronic resource] 210 1$aCambridge :$cCambridge University Press,$d2013. 215 $a1 online resource (xvii, 600 pages) $cdigital, PDF file(s) 300 $aTitle from publisher's bibliographic system (viewed on 05 Oct 2015). 311 $a0-521-76617-6 311 $a1-107-35707-1 320 $aIncludes bibliographical references and index. 327 $aMachine generated contents note: Preface; 1. Second quantization; 2. Getting familiar with second quantization: model Hamiltonians; 3. Time-dependent problems and equations of motion; 4. The contour idea; 5. Many-particle Green's functions; 6. One-particle Green's function; 7. Mean field approximations; 8. Conserving approximations: two-particle Green's function; 9. Conserving approximations: self-energy; 10. MBPT for the Green's function; 11. MBPT and variational principles for the grand potential; 12. MBPT for the two-particle Green's function; 13. Applications of MBPT to equilibrium problems; 14. Linear response theory: preliminaries; 15. Linear response theory: many-body formulation; 16. Applications of MBPT to nonequilibrium problems; Appendices; Index. 330 $aThe Green's function method is one of the most powerful and versatile formalisms in physics, and its nonequilibrium version has proved invaluable in many research fields. This book provides a unique, self-contained introduction to nonequilibrium many-body theory. Starting with basic quantum mechanics, the authors introduce the equilibrium and nonequilibrium Green's function formalisms within a unified framework called the contour formalism. The physical content of the contour Green's functions and the diagrammatic expansions are explained with a focus on the time-dependent aspect. Every result is derived step-by-step, critically discussed and then applied to different physical systems, ranging from molecules and nanostructures to metals and insulators. With an abundance of illustrative examples, this accessible book is ideal for graduate students and researchers who are interested in excited state properties of matter and nonequilibrium physics. 606 $aGreen's functions 606 $aMany-body problem 606 $aQuantum theory$xMathematics 615 0$aGreen's functions. 615 0$aMany-body problem. 615 0$aQuantum theory$xMathematics. 676 $a530.1/5353 686 $aSCI055000$2bisacsh 700 $aStefanucci$b Gianluca$f1973-$0520733 702 $aLeeuwen$b Robert van 801 0$bUkCbUP 801 1$bUkCbUP 906 $aBOOK 912 $a9910789316303321 996 $aNonequilibrium many-body theory of quantum systems$93747668 997 $aUNINA LEADER 05590nam 22008655 450 001 9910298530403321 005 20200920044827.0 010 $a3-642-54086-4 024 7 $a10.1007/978-3-642-54086-8 035 $a(CKB)3710000000089211 035 $a(EBL)1783241 035 $a(OCoLC)902414061 035 $a(SSID)ssj0001186021 035 $a(PQKBManifestationID)11646365 035 $a(PQKBTitleCode)TC0001186021 035 $a(PQKBWorkID)11217674 035 $a(PQKB)10192282 035 $a(MiAaPQ)EBC1783241 035 $a(DE-He213)978-3-642-54086-8 035 $a(PPN)176751270 035 $a(EXLCZ)993710000000089211 100 $a20140225d2014 u| 0 101 0 $aeng 135 $aur|n|---||||| 181 $ctxt 182 $cc 183 $acr 200 10$aDynamic Optimization in Environmental Economics /$fedited by Elke Moser, Willi Semmler, Gernot Tragler, Vladimir M. Veliov 205 $a1st ed. 2014. 210 1$aBerlin, Heidelberg :$cSpringer Berlin Heidelberg :$cImprint: Springer,$d2014. 215 $a1 online resource (358 p.) 225 1 $aDynamic Modeling and Econometrics in Economics and Finance,$x1566-0419 ;$v15 300 $aDescription based upon print version of record. 311 $a3-642-54085-6 320 $aIncludes bibliographical references. 327 $aInteractions between Economy and Climate: Climate Change and Technical Progress: Impact of Informational Constraints -- Environmental Policy in a Dynamic Model with Heterogeneous Agents and Voting -- Optimal Environmental Policy in the Presence of Multiple Equilibria and Reversible Hysteresis -- Modeling the Dynamics of the Transition to a Green Economy -- One-Parameter GHG Emission Policy With R&D-Based Growth -- Pollution, Public Health Care, and Life Expectancy when Inequality Matters -- Uncertain Climate Policy and the Green Paradox -- Uniqueness Versus Indeterminacy in the Tragedy of the Commons - A "Geometric" Approach -- Optimal Extraction of Resources: Dynamic Behavior of Oil Importers and Exporters Under Uncertainty -- Robust Control of a Spatially Distributed Commercial Fishery -- On the Effect of Resource Exploitation on Growth: Domestic Innovation vs. Technological Diffusion Through Trade -- Forest Management and Biodiversity in Size-Structured Forests Under Climate Change -- Carbon Taxes and Comparison of Trading Regimes in Fossil Fuels -- Landowning, Status and Population Growth -- Optimal Harvesting of Size-Structured Biological Populations. 330 $aThe book presents new developments in the dynamic modeling and optimization methods in environmental economics and provides a huge range of applications dealing with the economics of natural resources, the impacts of climate change and of environmental pollution, and respective policy measures. The interrelationship between economic activities and environmental quality, the development of cleaner technologies, the switch from fossil to renewable resources and the proper use of policy instruments play an important role along the path towards a sustainable future. Biological, physical and economic processes are naturally involved in the subject, and postulate the main modelling, simulation and decision-making tools: the methods of dynamic optimization and dynamic games. 410 0$aDynamic Modeling and Econometrics in Economics and Finance,$x1566-0419 ;$v15 606 $aEnvironmental economics 606 $aCalculus of variations 606 $aEnvironmental sciences 606 $aEnergy policy 606 $aEnergy policy 606 $aOperations research 606 $aDecision making 606 $aEconomics 606 $aEnvironmental Economics$3https://scigraph.springernature.com/ontologies/product-market-codes/W48000 606 $aCalculus of Variations and Optimal Control; Optimization$3https://scigraph.springernature.com/ontologies/product-market-codes/M26016 606 $aMath. Appl. in Environmental Science$3https://scigraph.springernature.com/ontologies/product-market-codes/U24005 606 $aEnergy Policy, Economics and Management$3https://scigraph.springernature.com/ontologies/product-market-codes/112000 606 $aOperations Research/Decision Theory$3https://scigraph.springernature.com/ontologies/product-market-codes/521000 606 $aEconomic Theory/Quantitative Economics/Mathematical Methods$3https://scigraph.springernature.com/ontologies/product-market-codes/W29000 615 0$aEnvironmental economics. 615 0$aCalculus of variations. 615 0$aEnvironmental sciences. 615 0$aEnergy policy. 615 0$aEnergy policy. 615 0$aOperations research. 615 0$aDecision making. 615 0$aEconomics. 615 14$aEnvironmental Economics. 615 24$aCalculus of Variations and Optimal Control; Optimization. 615 24$aMath. Appl. in Environmental Science. 615 24$aEnergy Policy, Economics and Management. 615 24$aOperations Research/Decision Theory. 615 24$aEconomic Theory/Quantitative Economics/Mathematical Methods. 676 $a363.7 702 $aMoser$b Elke$4edt$4http://id.loc.gov/vocabulary/relators/edt 702 $aSemmler$b Willi$4edt$4http://id.loc.gov/vocabulary/relators/edt 702 $aTragler$b Gernot$4edt$4http://id.loc.gov/vocabulary/relators/edt 702 $aVeliov$b Vladimir M$4edt$4http://id.loc.gov/vocabulary/relators/edt 906 $aBOOK 912 $a9910298530403321 996 $aDynamic Optimization in Environmental Economics$92495385 997 $aUNINA LEADER 01202nas 2200373 c 450 001 9910140373903321 005 20260218110059.0 035 $a(DE-599)ZDB2624787-2 035 $a(OCoLC)1061025378 035 $a(DE-101)1014534828 035 $a(CKB)2660000000010181 035 $a(DE-599)2624787-2 035 $a(EXLCZ)992660000000010181 100 $a20110823b20072013 |y | 101 0 $aeng 135 $aur||||||||||| 181 $ctxt$2rdacontent 182 $cc$2rdamedia 183 $acr$2rdacarrier 200 00$aArrestee drug abuse monitoring program II ... annual report$eADAM II$fUnited States, office of National Drug Control Policy ; ADAM, Arrestee Drug Abuse Monitoring Program 210 31$aWashington, DC$c[Verlag nicht ermittelbar]$d2007-2013 215 $aOnline-Ressource 300 $aGesehen am 04.10.2018 608 $aZeitschrift$2gnd-content 676 $a340 686 $a2,1$2ssgn 712 02$aUSA$bOffice of National Drug Control Policy$4isb 801 0$b0001 801 1$bDE-101 801 2$b9999 906 $aJOURNAL 912 $a9910140373903321 996 $aArrestee Drug Abuse Monitoring Program II ... annual report$92201250 997 $aUNINA